000 00219nam a22000857a 4500
008 160908b xxu||||| |||| 00| 0 eng d
100 _9336
_aNCERT
245 _aIndian Economic Development-XI
260 _aNew Delhi
_bNCERT
_c2011
999 _c2996
_d2996